How to Argue and Win Every Time / (Record no. 616703)

000 -LEADER
fixed length control field 00369nam a22001337a 4500
027 ## - STANDARD TECHNICAL REPORT NUMBER
Qualifying information HB.
040 ## - CATALOGING SOURCE
Transcribing agency FIZZA ISHAQ
082 ## - DEWEY DECIMAL CLASSIFICATION NUMBER
Classification number 808.5
Author Mark SPE
100 ## - MAIN ENTRY--PERSONAL NAME
Personal name Spence , Gerry.
9 (RLIN) 133745
245 ## - TITLE STATEMENT
Title How to Argue and Win Every Time /
Statement of responsibility, etc. Gerry Spence.
260 ## - PUBLICATION, DISTRIBUTION, ETC.
Place of publication, distribution, etc. New York:
Name of publisher, distributor, etc. St. Martin's Press,
Date of publication, distribution, etc. 1995.
300 ## - PHYSICAL DESCRIPTION
Extent 307 p. ;
Dimensions 9.53 x 6.54 x 1.06 inches
942 ## - ADDED ENTRY ELEMENTS (KOHA)
Source of classification or shelving scheme
Koha item type Book
Holdings
Withdrawn status Lost status Source of classification or shelving scheme Damaged status Not for loan Permanent Location Current Location Shelving location Date acquired Total Checkouts Full call number Barcode Date last seen Price effective from Koha item type
          NUST Baluchistan Campus (NBC) NUST Baluchistan Campus (NBC) General Stacks 03/25/2026   808.5 SPE QD-419 03/25/2026 03/25/2026 Book
© 2023 Central Library, National University of Sciences and Technology. All Rights Reserved.